Capitals of South Slavic Countries - Statistics

General Stats
  • This quiz has been taken 298 times
  • The average score is 7 of 7
Answer Stats
Country Capital % Correct
Serbia Belgrade
97%
Bosnia and Herzegovina Sarajevo
97%
Croatia Zagreb
96%
Slovenia Ljubljana
92%
Macedonia Skopje
92%
Bulgaria Sofia
92%
Montenegro Podgorica
88%
No matching quizzes found
Score Distribution
Percent of People with Each Score
Percentile by Number Answered
Your Score History
You have not taken this quiz